| 000 | 00549nam a22001817a 4500 | ||
|---|---|---|---|
| 005 | 20250619121822.0 | ||
| 008 | 250619b |||||||| |||| 00| 0 eng d | ||
| 020 | _a978-1-032-51528-1 | ||
| 050 | _aTA 355 .V53 2024 | ||
| 100 | _aYELVE, NITESH PRAKASH | ||
| 245 | _aVIBRATION ENGINEERING: MODELING, SIMULATION, AND APPLICATIONS | ||
| 260 |
_aBOCA RATON, FL _b CRC PRESS, _c 2024. |
||
| 300 | _aX,97P,;ILL | ||
| 500 | _aINCLUDES BIBLIOGRAPHICAL REFERENCES AND INDEX | ||
| 650 | _aVIBRATION. | ||
| 700 | _aNASKAR, SUSMITA | ||
| 942 |
_2lcc _cBK |
||
| 999 |
_c215719 _d215719 |
||